000 00292nam a22001337a 4500
008 170904b xxu||||| |||| 00| 0 eng d
020 _a9780312443184
041 _aeng
080 _23RD
_a070
100 _a40
101 _aMED
245 _aSPEAKER'S GUIDEBOOK
_cO'HAIR,D
942 _2udc
_cBK
999 _c25903
_d25903